00291nam a2200097Ia 4500008004100000020001500041100003000056245004400086260004600130300001700176180219s9999 xx 000 0 und d a9715131700 aPalaganas, Erlinda Castro aHealth care practice in the community / aErmita CitybEducational publishingc2003 ai, 454 pages